[Event "Titled Tuesday intern op 27th Jun Early"]
[Site "Chess.com INT"]
[Date "2023.06.27"]
[Round "10"]
[White "Lee, Linden"]
[Black "Morgunov, Anatoly"]
[Result "1/2-1/2"]
[WhiteElo "2191"]
[BlackElo "2336"]
[PlyCount "85"]
[EventDate "2023.06.27"]
[EventType "swiss (blitz)"]
[EventRounds "11"]
[EventCountry "USA"]
[SourceTitle "EXT 2024"]
[Source "ChessBase"]
[SourceDate "2023.10.10"]
[SourceVersion "1"]
[SourceVersionDate "2023.10.10"]
[SourceQuality "1"]

1. d4 e6 2. c4 Nf6 3. Nc3 Bb4 4. Qc2 0-0 5. a3 Bxc3+ 6. Qxc3 d5 7. Bg5 h6 8. Bxf6 Qxf6 9. e3 c6 10. Nf3 Nd7 11. Bd3 b6 12. h4 Bb7 13. Ng5 g6 14. f4 c5 15. Nf3 cxd4 16. Qxd4 Qxd4 17. Nxd4 dxc4 18. Bxc4 Bxg2 19. Rg1 Bd5 20. Bxd5 exd5 21. f5 Ne5 22. Ke2 Rae8 23. b3 Kh7 24. Rac1 Rc8 25. Nb5 a6 26. Nd6 Rcd8 27. Nb7 Rd7 28. h5 Rxb7 29. hxg6+ fxg6 30. fxg6+ Nxg6 31. Rc6 Rg8 32. Rh1 Rgg7 33. Rh5 Rgd7 34. Kd3 Re7 35. Rd6 Red7 36. Rf6 b5 37. Rf1 Rd6 38. Kd4 Rc7 39. Rfh1 Nf8 40. Rf5 Ng6 41. Rfh5 Nf8 42. Rf5 Ng6 43. Rfh5 1/2-1/2

[Event "Titled Tuesday intern op 27th Jun Early"]
[Site "Chess.com INT"]
[Date "2023.06.27"]
[Round "5"]
[White "Morgunov, Anatoly"]
[Black "Domingo Nunez, Alejandro"]
[Result "1/2-1/2"]
[WhiteElo "2336"]
[BlackElo "2338"]
[PlyCount "122"]
[EventDate "2023.06.27"]
[EventType "swiss (blitz)"]
[EventRounds "11"]
[EventCountry "USA"]
[SourceTitle "EXT 2024"]
[Source "ChessBase"]
[SourceDate "2023.10.10"]
[SourceVersion "1"]
[SourceVersionDate "2023.10.10"]
[SourceQuality "1"]

1. d4 g6 2. c4 Bg7 3. Nc3 d6 4. e4 Nf6 5. Be2 0-0 6. Be3 e5 7. d5 Na6 8. g4 Nc5 9. f3 Ne8 10. h4 f5 11. gxf5 gxf5 12. Bxc5 dxc5 13. h5 Qg5 14. Bf1 Bh6 15. Qe2 Nd6 16. Qg2 Qxg2 17. Bxg2 Nxc4 18. Nb5 Rf7 19. b3 Ne3 20. Kf2 fxe4 21. Re1 exf3 22. Nxf3 e4 23. Rxe3 Bxe3+ 24. Kxe3 exf3 25. Bxf3 a6 26. Rg1+ Kf8 27. Nc3 Bf5 28. d6 Re8+ 29. Kd2 cxd6 30. h6 Be6 31. Bh5 d5 32. Bxf7 Bxf7 33. Rf1 Re5 34. Na4 d4 35. Nb2 Ke7 36. Nd3 Rh5 37. Re1+ Kd6 38. Re2 Rxh6 39. Ne5 Be6 40. Nd3 b5 41. Rf2 c4 42. bxc4 bxc4 43. Nf4 Rf6 44. Nh3 Rxf2+ 45. Nxf2 Ke5 46. Nh1 Kf4 47. Nf2 Bf5 48. Nd1 c3+ 49. Kc1 Kf3 50. a4 Ke2 51. a5 c2 52. Nc3+ Ke1 53. Na2 d3 54. Kb2 d2 55. Kb3 c1Q 56. Nc3 Qxc3+ 57. Kxc3 d1Q 58. Kc4 Qd6 59. Kc3 Qc5+ 60. Kb2 Qxa5 61. Kc1 Qb5 1/2-1/2

[Event "Titled Tuesday intern op 27th Jun Early"]
[Site "Chess.com INT"]
[Date "2023.06.27"]
[Round "2"]
[White "Morgunov, Anatoly"]
[Black "Loebler, Heimo"]
[Result "1-0"]
[WhiteElo "2336"]
[BlackElo "2086"]
[PlyCount "83"]
[EventDate "2023.06.27"]
[EventType "swiss (blitz)"]
[EventRounds "11"]
[EventCountry "USA"]
[SourceTitle "EXT 2024"]
[Source "ChessBase"]
[SourceDate "2023.10.10"]
[SourceVersion "1"]
[SourceVersionDate "2023.10.10"]
[SourceQuality "1"]

1. d4 Nf6 2. c4 g6 3. Nc3 Bg7 4. e4 d6 5. Be2 0-0 6. Be3 a6 7. g4 c6 8. g5 Ne8 9. h4 b5 10. h5 Nc7 11. a3 bxc4 12. Bxc4 d5 13. exd5 cxd5 14. Bd3 Nc6 15. Be2 e5 16. Nf3 exd4 17. Nxd4 Nxd4 18. Bxd4 Qxg5 19. Bxg7 Kxg7 20. h6+ Kg8 21. Qd4 Ne6 22. Qxd5 Qxd5 23. Nxd5 Bb7 24. Nf6+ Kh8 25. Rh3 Rac8 26. Rc3 Rxc3 27. bxc3 Rc8 28. Rb1 Rc7 29. Rb6 Nc5 30. Bc4 Na4 31. Rd6 Rc8 32. Bxa6 Bxa6 33. Rxa6 Nxc3 34. Ra7 Rf8 35. Re7 Nb5 36. a4 Nd4 37. a5 Nf5 38. Re8 Rxe8+ 39. Nxe8 Nd4 40. a6 Nc6 41. Nd6 Kg8 42. Nc8 1-0

[Event "Titled Tuesday intern op 27th Jun Early"]
[Site "Chess.com INT"]
[Date "2023.06.27"]
[Round "4"]
[White "Skiadopoulos, Nikolaos"]
[Black "Morgunov, Anatoly"]
[Result "0-1"]
[WhiteElo "1896"]
[BlackElo "2336"]
[PlyCount "58"]
[EventDate "2023.06.27"]
[EventType "swiss (blitz)"]
[EventRounds "11"]
[EventCountry "USA"]
[SourceTitle "EXT 2024"]
[Source "ChessBase"]
[SourceDate "2023.10.10"]
[SourceVersion "1"]
[SourceVersionDate "2023.10.10"]
[SourceQuality "1"]

1. e4 e6 2. d4 d5 3. e5 c5 4. c3 Qb6 5. Nf3 Nc6 6. a3 Nh6 7. b4 cxd4 8. Bxh6 gxh6 9. cxd4 Bd7 10. Be2 Rg8 11. 0-0 Rc8 12. h3 Bg7 13. Qd3 Rh8 14. Nc3 Ne7 15. b5 Qa5 16. Rfc1 f6 17. a4 Ng6 18. exf6 Bxf6 19. Qd2 Bg7 20. Qe3 Kf7 21. Bd3 Rhf8 22. Ne2 Kg8 23. Rxc8 Bxc8 24. h4 Qd8 25. h5 Nh4 26. Nxh4 Qxh4 27. Ng3 Bxd4 28. Bxh7+ Kh8 29. Qd3 Bxf2+ 0-1

[Event "Titled Tuesday intern op 20th Jun Early"]
[Site "Chess.com INT"]
[Date "2023.06.20"]
[Round "10"]
[White "Morgunov, Anatoly"]
[Black "Goncharov, Vladimir"]
[Result "1-0"]
[WhiteElo "2336"]
[BlackElo "2077"]
[PlyCount "105"]
[EventDate "2023.06.20"]
[EventType "swiss (blitz)"]
[EventRounds "11"]
[EventCountry "USA"]
[SourceTitle "EXT 2024"]
[Source "ChessBase"]
[SourceDate "2023.10.10"]
[SourceVersion "1"]
[SourceVersionDate "2023.10.10"]
[SourceQuality "1"]

1. d4 Nf6 2. c4 c5 3. d5 e6 4. Nc3 exd5 5. cxd5 d6 6. e4 g6 7. f4 Bg7 8. Bb5+ Nfd7 9. Nf3 a6 10. Bd3 b5 11. 0-0 0-0 12. a3 Re8 13. Kh1 c4 14. Bc2 Nc5 15. Be3 Bg4 16. Bxc5 dxc5 17. e5 g5 18. h3 Bxf3 19. Qxf3 gxf4 20. Qxf4 Rxe5 21. Qxf7+ Kh8 22. Rae1 Rxe1 23. Rxe1 Nd7 24. Re7 Qf8 25. Rxd7 Qxf7 26. Rxf7 b4 27. axb4 cxb4 28. Nd1 Rd8 29. Be4 Re8 30. Rf4 Be5 31. Rf1 Bd6 32. Bf3 a5 33. Nf2 Be5 34. Rc1 c3 35. bxc3 Bxc3 36. Ne4 Be5 37. d6 Rd8 38. Rd1 b3 39. d7 b2 40. Nc5 a4 41. Be4 a3 42. Bb1 Bf6 43. Ne6 Rb8 44. d8Q+ Bxd8 45. Rxd8+ Rxd8 46. Nxd8 Kg7 47. Nc6 Kf6 48. Na5 h5 49. Nc4 a2 50. Bxa2 Kf5 51. Nxb2 Kf4 52. Kh2 h4 53. Nd3+ 1-0

[Event "Moscow op-A"]
[Site "Moscow"]
[Date "2015.02.08"]
[Round "9"]
[White "Geller, Jakov"]
[Black "Morgunov, Anatoly"]
[Result "1-0"]
[WhiteElo "2472"]
[BlackElo "2330"]
[PlyCount "140"]
[EventDate "2015.01.31"]
[EventType "swiss"]
[EventRounds "9"]
[EventCountry "RUS"]
[SourceTitle "CBM 164 Extra"]
[Source "ChessBase"]
[SourceDate "2015.03.02"]
[SourceVersion "1"]
[SourceVersionDate "2015.03.02"]
[SourceQuality "1"]

1. e4 e5 2. Nf3 Nc6 3. Bb5 a6 4. Ba4 d6 5. c3 f5 6. exf5 Bxf5 7. 0-0 Bd3 8. Re1 Be7 9. Qb3 Rb8 10. Qd5 e4 11. Bb3 Nh6 12. Rxe4 Bxe4 13. Qxe4 Nf7 14. d4 0-0 15. h4 d5 16. Bxd5 Kh8 17. Nbd2 Nd6 18. Qg4 Nf5 19. Be4 Nh6 20. Qh3 Qc8 21. Qxc8 Rbxc8 22. g3 Rce8 23. Kg2 Bd6 24. b4 Ng4 25. a3 Nd8 26. c4 c6 27. Bb2 Nf7 28. Bd3 Bc7 29. c5 Nf6 30. Nc4 Nd5 31. Nfe5 Nh6 32. Re1 Rd8 33. Bc1 Nf6 34. Bxh6 gxh6 35. Nf3 Rfe8 36. Ne3 Re7 37. Bc4 Rf8 38. Bd3 Nd5 39. Nxd5 Rxe1 40. Nxe1 cxd5 41. Nc2 Bd8 42. Be2 Bf6 43. Bf3 Rd8 44. Kh3 Kg7 45. Ne3 Rd7 46. Nf5+ Kg6 47. Kg4 h5+ 48. Kf4 h6 49. g4 hxg4 50. h5+ Kh7 51. Bxg4 Rd8 52. Ke3 Re8+ 53. Kd3 Re4 54. Bf3 Rf4 55. Bxd5 Kh8 56. Be4 Rxf2 57. Nxh6 Bg5 58. Nf5 Ra2 59. Bxb7 Rxa3+ 60. Ke4 Ra4 61. Ke5 Rxb4 62. Bxa6 Kg8 63. Bc8 Rb8 64. Be6+ Kf8 65. d5 Ke8 66. d6 Rb4 67. c6 Bf4+ 68. Kf6 Bxd6 69. Nxd6+ Kd8 70. Nf5 Kc7 1-0

[Event "Nezhmetdinov Memorial 36th"]
[Site "Kazan"]
[Date "2014.06.08"]
[Round "9"]
[White "Ovchinnikov, Vsevolod"]
[Black "Morgunov, Anatoly"]
[Result "1-0"]
[WhiteElo "2135"]
[BlackElo "2307"]
[PlyCount "103"]
[EventDate "2014.05.31"]
[EventType "swiss"]
[EventRounds "9"]
[EventCountry "RUS"]
[SourceTitle "CBM 160 Extra"]
[Source "ChessBase"]
[SourceDate "2014.07.01"]
[SourceVersion "1"]
[SourceVersionDate "2014.07.01"]
[SourceQuality "1"]

1. d4 d5 2. c4 c6 3. Nf3 Nf6 4. Nc3 e6 5. Bg5 dxc4 6. e4 b5 7. e5 h6 8. Bh4 g5 9. Nxg5 hxg5 10. Bxg5 Nbd7 11. g3 Qb6 12. exf6 Bb7 13. Bg2 c5 14. d5 0-0-0 15. 0-0 b4 16. Na4 Qb5 17. a3 Nb8 18. axb4 cxb4 19. Qg4 Bxd5 20. Rfc1 Nd7 21. Bxd5 exd5 22. b3 c3 23. Be3 d4 24. Qxd4 Ne5 25. Nxc3 Nf3+ 26. Kg2 Qc6 27. Qe4 Rxh2+ 28. Kxf3 Qxf6+ 29. Ke2 bxc3 30. Rxc3+ Qxc3 31. Rc1 Qxc1 32. Bxc1 Bd6 33. Qc6+ Kb8 34. Bg5 Rhh8 35. Bxd8 Rxd8 36. Qb5+ Kc7 37. Qc4+ Kb6 38. Qxf7 Rf8 39. Qe6 Kc5 40. Qe3+ Kd5 41. Qxa7 Rb8 42. Qf7+ Kd4 43. Qc4+ Ke5 44. f4+ Kf6 45. Kf3 Rb4 46. Qd5 Ke7 47. f5 Rb6 48. Qe6+ Kd8 49. g4 Bc7 50. Qg8+ Ke7 51. g5 Rb4 52. Qg7+ 1-0

[Event "Nezhmetdinov Memorial 36th"]
[Site "Kazan"]
[Date "2014.06.07"]
[Round "8"]
[White "Morgunov, Anatoly"]
[Black "Mamyrbay, Assad"]
[Result "1/2-1/2"]
[WhiteElo "2307"]
[BlackElo "2078"]
[PlyCount "83"]
[EventDate "2014.05.31"]
[EventType "swiss"]
[EventRounds "9"]
[EventCountry "RUS"]
[SourceTitle "CBM 160 Extra"]
[Source "ChessBase"]
[SourceDate "2014.07.01"]
[SourceVersion "1"]
[SourceVersionDate "2014.07.01"]
[SourceQuality "1"]

1. e4 e6 2. d4 d5 3. Nc3 Nf6 4. e5 Nfd7 5. f4 c5 6. Nf3 Nc6 7. Be3 Qb6 8. Na4 Qa5+ 9. c3 cxd4 10. b4 Qc7 11. Nxd4 a6 12. Nb3 Be7 13. Bd3 g6 14. 0-0 f6 15. exf6 Nxf6 16. Bb6 Qb8 17. Qe2 e5 18. fxe5 Qxe5 19. Rae1 Qxe2 20. Rxe2 0-0 21. Nd4 Bd6 22. Nxc6 bxc6 23. Bc5 Bxc5+ 24. Nxc5 Nd7 25. Rxf8+ Kxf8 26. Ne6+ Kg8 27. Nc7 Rb8 28. Re8+ Kf7 29. Re2 a5 30. bxa5 Nc5 31. Rf2+ Ke7 32. Bf1 Kd8 33. Rf7 Rb7 34. a6 Rxc7 35. a7 Bb7 36. Rf8+ Kd7 37. g3 Na4 38. Ba6 Nb6 39. Bxb7 Rxb7 40. a8Q Nxa8 41. Rxa8 Rb1+ 42. Kg2 1/2-1/2